000 00804pam a2200277 a 4500
999 _c5620
_d5620
001 5620
003 BD-JhCC
005 20171219110432.0
008 850422s1986 maua b 001 0 eng
020 _a0898381746
035 _a(BD-JhCC)5620
040 _aDLC
_cDLC
_dDLC
_dBD-JhCC
041 _aeng
050 0 0 _aTK7872.F5
_bJ33 1986
082 0 0 _a621.38/043
_219
_bJAC 1986
100 1 _aJackson, Leland B.
245 1 0 _aDigital filters and signal processing /
_cby Leland B. Jackson.
260 _aBoston :
_bKluwer Academic Publishers,
_cc1986.
300 _axi, 259 p. :
_bill. ;
_c25 cm.
500 _aIncludes index.
504 _aBibliography: p. 253-256.
650 0 _aElectric filters, Digital.
650 0 _aSignal processing
_xDigital techniques.
942 _2ddc
_cBK